<?xml version="1.0" encoding="UTF-8"?>
<record
    xmlns:xsi="http://www.w3.org/2001/XMLSchema-instance"
    xsi:schemaLocation="http://www.loc.gov/MARC21/slim http://www.loc.gov/standards/marcxml/schema/MARC21slim.xsd"
    xmlns="http://www.loc.gov/MARC21/slim">

  <leader>03406nam a2200565Ia 4500</leader>
  <controlfield tag="001">586</controlfield>
  <controlfield tag="008">241029s9999    xx            000 0 und d</controlfield>
  <datafield tag="010" ind1=" " ind2=" ">
    <subfield code="a">535</subfield>
  </datafield>
  <datafield tag="041" ind1=" " ind2=" ">
    <subfield code="a">Espa&#xF1;ol</subfield>
  </datafield>
  <datafield tag="082" ind1=" " ind2=" ">
    <subfield code="a">INTEC/CyH-0162</subfield>
  </datafield>
  <datafield tag="245" ind1=" " ind2="0">
    <subfield code="a">Aplicaci&#xF3;n del curr&#xED;culum de Lengua Espa&#xF1;ola, en la ense&#xF1;anza de la Lengua Materna de 5to. a 8vo. del Segundo Ciclo de la Educaci&#xF3;n B&#xE1;sica, en la Escuela Rep&#xFA;blica de Panam&#xE1;, Santo Domingo. Per&#xED;odo 2010-2011.</subfield>
  </datafield>
  <datafield tag="260" ind1=" " ind2=" ">
    <subfield code="a">Distrito Nacional</subfield>
  </datafield>
  <datafield tag="300" ind1=" " ind2=" ">
    <subfield code="a">127</subfield>
  </datafield>
  <datafield tag="520" ind1=" " ind2=" ">
    <subfield code="a">12</subfield>
  </datafield>
  <datafield tag="630" ind1=" " ind2=" ">
    <subfield code="a">Aprendizaje Significativo</subfield>
  </datafield>
  <datafield tag="630" ind1=" " ind2=" ">
    <subfield code="a">Competencia Ling&#xFC;&#xED;stica</subfield>
  </datafield>
  <datafield tag="630" ind1=" " ind2=" ">
    <subfield code="a">Comprensi&#xF3;n de Textos</subfield>
  </datafield>
  <datafield tag="630" ind1=" " ind2=" ">
    <subfield code="a">Comprensi&#xF3;n Lectora</subfield>
  </datafield>
  <datafield tag="630" ind1=" " ind2=" ">
    <subfield code="a">Producci&#xF3;n Escrita</subfield>
  </datafield>
  <datafield tag="650" ind1=" " ind2=" ">
    <subfield code="a">Competencia Ling&#xFC;&#xED;stica</subfield>
  </datafield>
  <datafield tag="690" ind1=" " ind2=" ">
    <subfield code="a">Elaborado</subfield>
  </datafield>
  <datafield tag="700" ind1=" " ind2=" ">
    <subfield code="e">asesor</subfield>
    <subfield code="a">Espinal, Olga</subfield>
  </datafield>
  <datafield tag="700" ind1=" " ind2=" ">
    <subfield code="e">autor</subfield>
    <subfield code="a">Gonz&#xE1;lez Cuevas, Juana Bautista</subfield>
  </datafield>
  <datafield tag="901" ind1=" " ind2=" ">
    <subfield code="a">{"1":"Gonz&#xE1;lez Cuevas"}</subfield>
    <subfield code="b">{"1":"Juana Bautista"}</subfield>
  </datafield>
  <datafield tag="902" ind1=" " ind2=" ">
    <subfield code="a">1</subfield>
  </datafield>
  <datafield tag="903" ind1=" " ind2=" ">
    <subfield code="a">{"1":"Espinal"}</subfield>
    <subfield code="b">{"1":"Olga"}</subfield>
  </datafield>
  <datafield tag="904" ind1=" " ind2=" ">
    <subfield code="a">Maestr&#xED;a en</subfield>
  </datafield>
  <datafield tag="905" ind1=" " ind2=" ">
    <subfield code="a">Ling&#xFC;&#xED;stica Aplicada</subfield>
  </datafield>
  <datafield tag="906" ind1=" " ind2=" ">
    <subfield code="a">2</subfield>
  </datafield>
  <datafield tag="907" ind1=" " ind2=" ">
    <subfield code="a">NO APLICA</subfield>
  </datafield>
  <datafield tag="908" ind1=" " ind2=" ">
    <subfield code="a">NO APLICA</subfield>
  </datafield>
  <datafield tag="909" ind1=" " ind2=" ">
    <subfield code="a">Instituto Tecnol&#xF3;gico de Santo Domingo (INTEC)</subfield>
  </datafield>
  <datafield tag="910" ind1=" " ind2=" ">
    <subfield code="a">NULL</subfield>
    <subfield code="b">NULL</subfield>
  </datafield>
  <datafield tag="911" ind1=" " ind2=" ">
    <subfield code="a">["1"]</subfield>
  </datafield>
  <datafield tag="912" ind1=" " ind2=" ">
    <subfield code="a">NO APLICA</subfield>
  </datafield>
  <datafield tag="913" ind1=" " ind2=" ">
    <subfield code="a">NULL</subfield>
  </datafield>
  <datafield tag="914" ind1=" " ind2=" ">
    <subfield code="a">01 de Febrero de 2013</subfield>
  </datafield>
  <datafield tag="915" ind1=" " ind2=" ">
    <subfield code="a">13/11/19 08:11</subfield>
  </datafield>
  <datafield tag="916" ind1=" " ind2=" ">
    <subfield code="a">NULL</subfield>
  </datafield>
  <datafield tag="917" ind1=" " ind2=" ">
    <subfield code="a">NULL</subfield>
  </datafield>
  <datafield tag="918" ind1=" " ind2=" ">
    <subfield code="a">NO APLICA</subfield>
  </datafield>
  <datafield tag="919" ind1=" " ind2=" ">
    <subfield code="a">["20","37","42","43","166"]</subfield>
  </datafield>
  <datafield tag="520" ind1=" " ind2=" ">
    <subfield code="a">Los objetivos principales de este estudio, consistieron en determinar como los docentes elaboran la planificaci&#xF3;n de Lengua Espa&#xF1;ola, a la vez identificar las estrategias aplicadas por los docentes, en el desarrollo de los procesos de &#xA0;ense&#xF1;anza de la Lengua Espa&#xF1;ola. La metodolog&#xED;a empleada fue de un enfoque cualitativo, de tipo descriptivo. &#xA0;Las t&#xE9;cnicas aplicadas fueron fichas de observaci&#xF3;n de clases, cuadernos, registros, el cuestionario, entrevistas a docentes y pruebas a estudiantes. La muestra estuvo compuesta por una poblaci&#xF3;n de 4 docentes del &#xE1;rea y 44 estudiantes, del sector de la modalidad B&#xE1;sica, del 2do. Ciclo de la Escuela Rep&#xFA;blica de Panam&#xE1;.Los an&#xE1;lisis realizados, indicaron que se determin&#xF3; que la aplicaci&#xF3;n del enfoque comunicativo en la ense&#xF1;anza de la Lengua Espa&#xF1;ola, presenta deficiencia, en los procesos metodol&#xF3;gicos de la comprensi&#xF3;n oral y la producci&#xF3;n escrita y que los contenidos importados en la producci&#xF3;n oral y escrita, carecen de un orden establecido, mediante los bloques de contenidos del dise&#xF1;o curricular y de unos procesos sucesivos. Se evidenci&#xF3; dificultades en las estrategias como en las actividades, al igual que en las evaluaciones elaboradas por los docentes. &#xA0;El estudio sugiere, que haya una capacitaci&#xF3;n continua de cada Centro, coordinado por Distritos Escolares. Brindar Educaci&#xF3;n Superior a los docentes que ense&#xF1;an la Lengua Espa&#xF1;ola; presentando el aprendizaje, a partir de una situaci&#xF3;n comunicativa, dentro del contexto. Trabajar la gram&#xE1;tica y la ortograf&#xED;a, de forma integrada y el an&#xE1;lisis del discurso, en los procesos metodol&#xF3;gicos y did&#xE1;cticos, de la ense&#xF1;anza de la Lengua Espa&#xF1;ola. Seg&#xFA;n las exigencias curriculares vigentes,incluir criterios que deben evidenciarse en la evaluaci&#xF3;n.</subfield>
  </datafield>
  <datafield tag="921" ind1=" " ind2=" ">
    <subfield code="a">16</subfield>
  </datafield>
  <datafield tag="922" ind1=" " ind2=" ">
    <subfield code="a">16</subfield>
  </datafield>
  <datafield tag="923" ind1=" " ind2=" ">
    <subfield code="a">0</subfield>
  </datafield>
  <datafield tag="924" ind1=" " ind2=" ">
    <subfield code="a">NO APLICA</subfield>
  </datafield>
  <datafield tag="942" ind1=" " ind2=" ">
    <subfield code="c">Tesis</subfield>
  </datafield>
  <datafield tag="999" ind1=" " ind2=" ">
    <subfield code="c">535</subfield>
    <subfield code="d">535</subfield>
  </datafield>
</record>
